Estatísticas para Cultura Geral

Clique aqui para jogar o quiz

Estatísticas Gerais

  • Esse quiz foi jogado 29 vezes
  • A pontuação média é 6 de 15

Estatísticas das Respostas

HintResposta% Correto
Qual o formato das calças do Bob Esponja?Quadrado
73%
Qual é a maior espécie de animal?Baleia azul
69%
Como se diz jardim em inglês?Garden
69%
Em que país podemos encontrar a cidade de Genebra?Suíça
69%
Que país que faz fronteira com Emirados Árabes Unidos, Iêmen e Arábia Saudita?Omã
58%
Que país asiático ultrapassou o Brasil por volta de 2017 para se tornar o quinto mais populoso do mundo?Paquistão
58%
Que animal se assemelha a uma pequena lhama?Alpaca
38%
Que prato de café da manhã é feito com ovos?Omelete
38%
Quem canta a música "I Will Survive"?Gloria Gaynor
27%
Quem canta a música "Can't Feel My Face"?The Weeknd
23%
Como se diz formiga em espanhol?Hormiga
15%
Que nome damos ao contorno que uma sombra cria?Silhueta
12%
Nos Simpsons quem dirige o autocarro da escola?Otto
8%
Sushi muitas vezes vem envolto em nori. O que é um tipo de nori?Algas marinhas
4%
Nos Simpsons qual é a cidade rival de Springfield?Shelbyville
4%

Distribuição das Pontuações

Percentil de Números Respondidos

Porcentagem de Pessoas com Cada Pontuação

Sua Pontuação Histórica

Você não jogou esse quiz